| 000 | 00637nam a2200217Ia 4500 | ||
|---|---|---|---|
| 005 | 20221107111200.0 | ||
| 008 | 131103s9999 xx 000 0 und d | ||
| 020 |
_a195656407 _cRs 495 |
||
| 040 | _aLoreto College | ||
| 041 | _aEnglish | ||
| 082 |
_a954.03 _bALA |
||
| 245 | 4 |
_aThe eighteenth century in India _cEdited by Seema Alavi |
|
| 260 |
_aNew Delhi _bOxford University Press _c2002 |
||
| 300 | _a261p | ||
| 440 | _aDebates in Indian History and Society | ||
| 504 | _aPrice of accn.no.47082 is Rs.325.00 and ISBN 0195692012 | ||
| 650 | _aIndia,18th Century | ||
| 700 | _aAlavi,Seema,ed | ||
| 850 | _aLCLIB | ||
| 942 | _cBK | ||
| 999 |
_c11154 _d61633 |
||